Statistiques concernant Culture Générale - Série 1914

Cliquez ici pour prendre le quiz!

Statistiques générales

  • Ce quiz a été pris 51 fois
  • Le résultat moyen est 4 sur 10

Statistiques - réponses

QuestionRéponse% Correct
Dans la mythologie grecque, comment appelle-t-on le cheval ailé divin ? voir photoPegase
88%
Dans quel pays d'Amérique du sud se trouve la région semi-aride du "sertao" ?Brésil
80%
De quel pays est originaire la galette de pommes de terre appelée "roesti" ou "rösti" ?Suisse
67%
Dans quel sport parle-t-on de "bunker et d'albatros" ?golf
65%
Dans la mythologie grecque, la créature fantastique tuée par Héraclès au cours de ses travaux, s'appelle :" le lion de ...Némée
49%
Quelle rivière traverse la ville de Die, connue pour sa"clairette" ?Drôme
33%
Quel nom porte la clochette placée au cou du bétail et qui fait penser à un instrument de musique ?clarine
24%
Comment appelle-t-on le nettoyage d'une coque de bateau ?carenage
22%
Quel adjectif dont l'anagramme est "regates" signifie " champêtre, bucolique, campagnard, pastoral, rural, rustique, terrien" ?agreste
14%
Le "nizeré" est une "essence de roses blanches de ....Tunis
4%

Distribution des résultats

Percentile par nombre de réponses

% des personnes avec chaque résultat

Votre développement - résultats

Vous n’avez pas pris ce quiz